Гуд бай, Россия...; Нефть России; № 3

Бібліографічні деталі
Parent link:Нефть России: аналитический журнал.— , 1996, 1999-2012
№ 3.— 2004.— С. 94-97
Автор: Галаджий И.
Мова:Російська
Опубліковано: 2004
Серія:Мировой рынок
Предмети:
Формат: Частина з книги
KOHA link:https://koha.lib.tpu.ru/cgi-bin/koha/opac-detail.pl?biblionumber=391342

MARC

LEADER 00000naa2a2200000 4500
001 391342
005 20231101064056.0
035 |a (RuTPU)RU\TPU\prd\25511 
090 |a 391342 
100 |a 20040420a2004 k y0rusy50 ca 
101 0 |a rus 
102 |a RU 
200 1 |a Гуд бай, Россия...  |f И. Галаджий 
225 1 |a Мировой рынок 
461 1 |0 (RuTPU)RU\TPU\prd\1610  |t Нефть России  |o аналитический журнал  |d 1996, 1999-2012 
463 1 |0 (RuTPU)RU\TPU\prd\24904  |t № 3  |v С. 94-97  |d 2004 
610 1 |a Вьетнам 
610 1 |a нефтегазовое сотрудничество 
610 1 |a энергоносители 
610 1 |a экспорт 
610 1 |a зарубежные капиталы 
610 1 |a статистика 
700 1 |a Галаджий  |b И. 
801 1 |a RU  |b 63413507  |c 20040420  |g PSBO 
801 2 |a RU  |b 63413507  |c 20130802  |g RCR 
942 |c BK